000 00418cab a2200169 4500
001 ABS67599
008 040316n2004 000 0 eng u
035 _a(Sirsi) u125439
245 _aRegional survey: West End
260 _c2004
490 _aProperty Week
_v69(7) 13 February 2004, 45-70(14)
590 _aABS
650 _aWEST END OF LONDON
650 _aLONDON
650 _aLEICESTER SQUARE
942 _n0
999 _c74274
_d74274